Categorías y functores /
Guardado en:
| Autor Principal: | |
|---|---|
| Formato: | Libro |
| Idioma: | Spanish |
| Publicado: |
[Buenos Aires] :
Universidad de Buenos Aires, Facultad de Ciencias Exactas y Naturales, Departamento de Matemáticas,
1965.
|
| Series: | Cursos y seminarios de matemática ;
fasc. 21 |
| Etiquetas: |
Agregar Etiqueta
Sin Etiquetas, Sea el primero en etiquetar este registro!
|
| LEADER | 00779cam a2200205ua 4500 | ||
|---|---|---|---|
| 001 | MAT.inmabb002563 | ||
| 008 | 810903s1965####ag#######b####001#0#spa## | ||
| 005 | 20130301145409.0 | ||
| 245 | 1 | 0 | |a Categorías y functores / |c Philippe Tondeur. |
| 260 | |a [Buenos Aires] : |b Universidad de Buenos Aires, Facultad de Ciencias Exactas y Naturales, Departamento de Matemáticas, |c 1965. | ||
| 300 | |a 97 p. ; |c 27 cm. | ||
| 440 | 0 | |a Cursos y seminarios de matemática ; |v fasc. 21 | |
| 500 | |a "Las notas han sido escritas para un breve curso en la Universidad de Buenos Aires". | ||
| 504 | |a Bibliografía: p. 97. | ||
| 510 | 4 | |a MR, |c 35 #229 | |
| 100 | 1 | |a Tondeur, Philippe. | |
| 084 | |a 18Axx |2 msc2000 | ||
| 010 | |a 70218978 | ||
| 040 | |a DLC |c CarP |d DLC | ||
| 859 | |h 18 |i T663 |p A-8220 |b BIB. MATEMATICA | ||
